书目信息 |
| 题名: |
数理统计与MATLAB工程数据分析
|
|
| 作者: | 王岩 , 隋思涟 , 王爱青 编著 | |
| 分册: | ||
| 出版信息: | 北京 清华大学出版社 2006 |
|
| 页数: | 328页 | |
| 开本: | 23cm | |
| 丛书名: | ||
| 单 册: | ||
| 中图分类: | TP392 , O212 | |
| 科图分类: | ||
| 主题词: | 数理统计 , 算法语言--应用--工程数据库 , 工程数据库 , 算法语言 | |
| 电子资源: | ||
| ISBN: | 7-302-13999-7(含光盘) | |
| 000 | 01180nam0 2200337 450 | |
| 000 | 01188nam0 2200337 450 | |
| 000 | 01121nam0 2200313 450 | |
| 000 | 01084nam0 2200301 45 | |
| 005 | 20070602094124.90 | |
| 010 | @a7-302-13999-7(含光盘)@dCNY35.00 | |
| 100 | @a20070426d2006 em y0chiy0120 ea | |
| 101 | 0 | @achi |
| 102 | @aCN@b110000 | |
| 105 | @ay z 000yy | |
| 200 | 1 | @a数理统计与MATLAB工程数据分析@AShu Li Tong Ji Yu MATLAB Gong Cheng Shu Ju Fen Xi@f王岩,隋思涟,王爱青编著@FWang Yan, Sui Si Lian, Wang Ai Qing Bian Zhu |
| 210 | @a北京@c清华大学出版社@d2006 | |
| 215 | @a328页@d23cm@e光盘一片 | |
| 307 | @a附光盘:ISBN 7-89486-176-6 | |
| 330 | @a本书共分9章,介绍了数理统计的基本原理、典型应用,以及使用MATLAB进行实际工程数据处理与分析的基本方法。 | |
| 606 | 0 | @a数理统计 |
| 606 | 0 | @a算法语言@x应用@x工程数据库 |
| 606 | 0 | @a工程数据库 |
| 606 | 0 | @a算法语言 |
| 610 | @aMATLAB | |
| 690 | @aTP392@v4 | |
| 690 | @aO212@v4 | |
| 701 | 0 | @a王岩@AWang Yan@c(女,@f1959~)@4编著 |
| 701 | 0 | @a隋思涟@ASui Si Lian@f(1964.9~)@4编著 |
| 701 | 0 | @a王爱青@AWang Ai Qing@c(女,@f1964~)@4编著 |
| 801 | 0 | @aCN@bTAOJIN@c20070602 |
| 905 | @a10447@dO212@e60 | |
| 数理统计与MATLAB工程数据分析/王岩,隋思涟,王爱青编著.-北京:清华大学出版社,2006 |
| 328页;23cm+光盘一片 |
| ISBN 7-302-13999-7(含光盘):CNY35.00 |
| 本书共分9章,介绍了数理统计的基本原理、典型应用,以及使用MATLAB进行实际工程数据处理与分析的基本方法。 |
| ● |
| 相关链接 |
|
|
|
|
正题名:数理统计与MATLAB工程数据分析
索取号:O212/60
 
预约/预借
| 序号 | 登录号 | 条形码 | 馆藏地/架位号 | 状态 | 备注 |
| 1 | 0524379 | 205243798 | 第二样本阅览室/ [索取号:O212/60] | 在馆 | |
| 2 | 0524380 | 205243805 | 第三借阅区/ [索取号:O212/60] | 在馆 | |
| 3 | 0524381 | 205243814 | 第三借阅区/ [索取号:O212/60] | 在馆 | |
| 4 | 0524382 | 205243823 | 第三借阅区/ [索取号:O212/60] | 在馆 | |
| 5 | 0524383 | 205243832 | 第三借阅区/ [索取号:O212/60] | 在馆 | |
| 6 | 0524384 | 205243841 | 第三借阅区/ [索取号:O212/60] | 在馆 | |
| 7 | 0524385 | 205243850 | 第三借阅区/ [索取号:O212/60] | 在馆 | |
| 8 | 0524386 | 205243869 | 第三借阅区/ [索取号:O212/60] | 在馆 |
本书有关联资源:
1 .光盘 /ISO :数理统计与MATLAB工程数据分析 /
下载